SEAL target Geronimo : (Record no. 14481)

000 -LEADER
fixed length control field 03199cam a22004697a 4500
001 - CONTROL NUMBER
control field 17234787
005 - DATE AND TIME OF LATEST TRANSACTION
control field 20170105102856.0
008 - FIXED-LENGTH DATA ELEMENTS--GENERAL INFORMATION
fixed length control field 120330s2011 nyua 000 0 eng d
010 ## - LIBRARY OF CONGRESS CONTROL NUMBER
LC control number 2011277416
020 ## - INTERNATIONAL STANDARD BOOK NUMBER
International Standard Book Number 9781250006356
020 ## - INTERNATIONAL STANDARD BOOK NUMBER
International Standard Book Number 125000635X
035 ## - SYSTEM CONTROL NUMBER
System control number (OCoLC)ocn733234790
040 ## - CATALOGING SOURCE
Original cataloging agency BTCTA
Language of cataloging eng
Transcribing agency BTCTA
Modifying agency FN4
-- GZF
-- IEB
-- SRC
-- JTH
-- YDXCP
-- ORX
-- ILC
-- SNM
-- VP@
-- IHZ
-- HQC
-- DEBBG
-- BWX
-- BDX
-- DLC
042 ## - AUTHENTICATION CODE
Authentication code lccopycat
043 ## - GEOGRAPHIC AREA CODE
Geographic area code a-pk---
050 00 - LIBRARY OF CONGRESS CALL NUMBER
Classification number HV6430.B55
Item number P43 2011
082 04 - DEWEY DECIMAL CLASSIFICATION NUMBER
Classification number 958.104/6
Edition number 23
084 ## - OTHER CLASSIFICATION NUMBER
Classification number 8
Number source ssgn
100 1# - MAIN ENTRY--PERSONAL NAME
Personal name Pfarrer, Chuck.
245 10 - TITLE STATEMENT
Title SEAL target Geronimo :
Remainder of title the inside story of the mission to kill Osama Bin Laden /
Statement of responsibility, etc. Chuck Pfarrer.
250 ## - EDITION STATEMENT
Edition statement 1st ed.
260 ## - PUBLICATION, DISTRIBUTION, ETC.
Place of publication, distribution, etc. New York :
Name of publisher, distributor, etc. St. Martin's Press,
Date of publication, distribution, etc. 2011.
300 ## - PHYSICAL DESCRIPTION
Extent x, 225 p. :
Other physical details ill. ;
Dimensions 25 cm.
505 0# - FORMATTED CONTENTS NOTE
Formatted contents note Neptune's spear: the bigger picture -- Abbottabad: May 1, 2011: late that night -- The SEAL road to Abbottabad -- Men with green faces -- An invisible empire: the birth of the Joint Special Operations Command -- Team Jedi -- Going solo -- Maersk Alabama -- Bin Laden's road to Abbottabad -- The day the world changed: September 11, 2001 -- Rich kid -- Learning to hate -- The making of a jihadi -- Hero of the lion's den -- The Emir -- Weapons of mass denial -- Neptune's spear -- Continue to plan, plan to continue -- The man without a country -- Neptune's spear -- Thirty-eight minutes -- What came after -- How this book was written.
520 ## - SUMMARY, ETC.
Summary, etc. On May 2, 2011, at 1:03 a.m. in Pakistan, a satellite uplink was sent from the town of Abbottabad crackling into the situation room of the White House in Washington, D.C.: "Geronimo, Echo, KIA." These words, spoken by a Navy SEAL, put paid to Osama bin Laden's three-decade-long career of terror. SEAL Target Geronimo is the story of Bin Laden's relentless hunters and how they took down the terrorist mastermind, told by Chuck Pfarrer, a former assault element commander of SEAL Team Six and author of the bestselling Warrior Soul: The Memoir of a Navy SEAL. After talking to members of the SEAL team involved in the raid, Pfarrer shares never-before-revealed details of the historic raid and the men who planned and conducted it in an exclusive boots-on-the-ground account of what happened during each minute of the mission--both inside the building and outside.
600 10 - SUBJECT ADDED ENTRY--PERSONAL NAME
Personal name Bin Laden, Osama,
Dates associated with a name 1957-2011
General subdivision Death and burial.
600 17 - SUBJECT ADDED ENTRY--PERSONAL NAME
Personal name Bin Laden, Osama,
Dates associated with a name 1957-2011
General subdivision Assassination.
Source of heading or term sears
610 10 - SUBJECT ADDED ENTRY--CORPORATE NAME
Corporate name or jurisdiction name as entry element United States.
Subordinate unit Navy.
-- SEALs.
610 20 - SUBJECT ADDED ENTRY--CORPORATE NAME
Corporate name or jurisdiction name as entry element Qaida (Organization)
610 17 - SUBJECT ADDED ENTRY--CORPORATE NAME
Corporate name or jurisdiction name as entry element United States.
Subordinate unit Navy.
-- SEALs
General subdivision History.
Source of heading or term sears
650 #0 - SUBJECT ADDED ENTRY--TOPICAL TERM
Topical term or geographic name entry element Jihad.
650 #0 - SUBJECT ADDED ENTRY--TOPICAL TERM
Topical term or geographic name entry element Terrorists.
650 #0 - SUBJECT ADDED ENTRY--TOPICAL TERM
Topical term or geographic name entry element Terrorism.
650 #0 - SUBJECT ADDED ENTRY--TOPICAL TERM
Topical term or geographic name entry element War on Terrorism, 2001-2009.
650 #0 - SUBJECT ADDED ENTRY--TOPICAL TERM
Topical term or geographic name entry element Islamic fundamentalism.
651 #0 - SUBJECT ADDED ENTRY--GEOGRAPHIC NAME
Geographic name Abbottābād (Pakistan)
856 42 - ELECTRONIC LOCATION AND ACCESS
Materials specified Contributor biographical information
Uniform Resource Identifier <a href="http://www.loc.gov/catdir/enhancements/fy1210/2011277416-b.html">http://www.loc.gov/catdir/enhancements/fy1210/2011277416-b.html</a>
856 42 - ELECTRONIC LOCATION AND ACCESS
Materials specified Publisher description
Uniform Resource Identifier <a href="http://www.loc.gov/catdir/enhancements/fy1210/2011277416-d.html">http://www.loc.gov/catdir/enhancements/fy1210/2011277416-d.html</a>
906 ## - LOCAL DATA ELEMENT F, LDF (RLIN)
a 7
b cbc
c copycat
d 2
e ncip
f 20
g y-gencatlg
942 ## - ADDED ENTRY ELEMENTS (KOHA)
Source of classification or shelving scheme
Koha item type Book
Holdings
Withdrawn status Lost status Damaged status Not for loan Collection code Permanent Location Current Location Shelving location Date acquired Total Checkouts Full call number Barcode Date last seen Price effective from Koha item type
          Central Library (CL) Central Library (CL) General Stacks 09/03/2013   958.1046 PFA 2011 CIPS0000756 04/20/2020 09/03/2013 Book
          Centre for International Peace & Stability (CIPS) Centre for International Peace & Stability (CIPS) General Stacks 10/01/2013   958.1046 PFA 2011 CIPS0001472 10/23/2013 10/23/2013 Book
© 2023 Central Library, National University of Sciences and Technology. All Rights Reserved.